Obálka Náhled e-knihy:
PDF Epub
Pro půjčování e-knih musíte být přihlášeni.
Jak si půjčit online?

Bohemian royals. Korunovace /

Román české autorky představuje dění na Pražském hradě a jak by to vše vypadalo, kdyby zde nesídlil prezident, ale král.

Uloženo v:
Série:Bohemian royals, část 1
Hlavní autor: Valenová, Lena (Autor)
Médium: E-kniha
Jazyk:Czech
Vydáno: V Praze : Pointa, 2022
Vydání:První vydání
Témata:
Příbuzné jednotky:Z cyklu:: Bohemian royals
Tagy:
Žádné tagy
LEADER 02252nam a2200409 i 4500
001 311616
003 CZ PrSKC
005 20260601215708.0
007 ta
008 220801s2022 xr g 000 f cze
015 |a cnb003439361 
020 |a 9788076508149  |q (vázáno) 
035 |a (OCoLC)1344359162 
040 |a ABG001  |b cze  |e rda 
072 7 |a 821.162.3-3  |x Česká próza  |2 Konspekt 
080 |a 821.162.3-31  |2 MRF 
080 |a (0:82-31)  |2 MRF 
100 1 |a Valenová, Lena  |7 xx0205847  |4 aut 
245 1 0 |a Bohemian royals.  |p Korunovace /  |c Lena Valenová 
246 3 0 |a Korunovace 
250 |a První vydání 
264 1 |a V Praze :  |b Pointa,  |c 2022 
300 |a 361 stran ;  |c 22 cm 
336 |a text  |b txt  |2 rdacontent 
337 |a bez média  |b n  |2 rdamedia 
338 |a svazek  |b nc  |2 rdacarrier 
520 2 |a Román české autorky představuje dění na Pražském hradě a jak by to vše vypadalo, kdyby zde nesídlil prezident, ale král.  |b Druhorozený Albert se po tragické smrti bratra vrací na Pražský hrad, aby převzal dědičný úřad. Náhlým návratem se však otevírají staré rány. Jediný, kdo dokáže v těžkých chvílích vykouzlit úsměv na tváři Albertově sestře, je Jonáš. Může ale Leontýna důvěřovat někomu, koho sotva zná? Princi Felixovi stačí jeden pohled na nového osobního strážce a je mu jasné, že je v maléru. Co je pro jednoho přítěží, je pro druhého příležitostí. Jak se s nenadálou situací vypořádají obyvatelé Pražského hradu? Nakladatelská anotace. 
546 |a Český text 
655 7 |a české romány  |7 fd133974  |2 czenas 
655 9 |a Czech fiction  |2 eczenas 
787 0 8 |i Z cyklu:  |t Bohemian royals  |g 1 
900 |a ABA001  |b 20 
928 9 |a Albatros Media - Pointa 
044 |a xr 
910 |a RBIT002 
998 |d 357273  |a https://core.palmknihy.cz/api/books/357273/cover?si7lai  |b https://core.palmknihy.cz/api/books/357273/cover/400?si7lai  |c https://core.palmknihy.cz/api/books/357273/cover/50?si7lai  |e 2027-06-15  |g 368  |i 9788076508149  |j https://core.palmknihy.cz/api/books/357273/preview.epub  |k https://core.palmknihy.cz/api/books/357273/preview.pdf  |l   |q 49  |r 1  |s https://www.palmknihy.cz/kniha/357273  |t ebook  |y 2022  |z 0  |v Bohemian Royals  |w 1 
999 |d 311614